000 00368nam a2200145Ia 4500
008 221030s9999 xx 000 0 und d
041 _aEnglish
082 _a105.23
_bBal
100 _aBalwinder Singh
245 0 _aText Book of Applied Physics - II
_cby Balwinder Singh
260 _bIndian Pub.
_aNew Delhi
_c1999
300 _a191
650 _aPhysics
942 _cBK
999 _c8355
_d8355